[Event "LSS BI-2009-F-00005"]
[Site "LSS email"]
[Date "2010.02.15"]
[Round "?"]
[White "Pecotic, Kuzma"]
[Black "Fages, Jorge Juan"]
[Result "0-1"]
[WhiteElo "2118"]
[BlackElo "2171"]
[PlyCount "90"]
[EventDate "2010.02.17"]
[EventType "tourn (corr)"]
[EventRounds "10"]
[EventCountry "GER"]
[SourceTitle "Corr 2013"]
[Source "ChessBase"]
[SourceDate "2012.11.12"]
[SourceVersion "1"]
[SourceVersionDate "2012.11.12"]
[SourceQuality "1"]

1. e4 c5 2. Nf3 d6 3. d4 cxd4 4. Nxd4 Nf6 5. Nc3 e6 6. g4 h6 7. Be3 a6 8. Bg2 Nc6 9. h3 g5 10. Qe2 Bd7 11. 0-0-0 Ne5 12. Nf3 Ng6 13. Kb1 Rc8 14. Nd4 b5 15. a3 Rxc3 16. bxc3 Qc7 17. Bc1 Be7 18. Qe3 Bc8 19. Rhf1 Nf4 20. Bh1 Nd7 21. Ne2 e5 22. Nxf4 gxf4 23. Qe1 Nb6 24. Bf3 Na4 25. Bb2 Be6 26. Be2 f6 27. h4 Kf7 28. Rh1 Qc5 29. f3 Nxb2 30. Kxb2 d5 31. exd5 Bxd5 32. Ra1 Rc8 33. Qd2 Be6 34. Rhd1 h5 35. gxh5 f5 36. Kc1 Bf6 37. c4 Rd8 38. Qe1 Rxd1+ 39. Bxd1 e4 40. c3 Qxc4 41. Be2 Qc5 42. Kc2 e3 43. h6 Kg6 44. h5+ Kxh6 45. Bd3 Qd5 0-1

[Event "LSS BI-2009-F-00005"]
[Site "LSS email"]
[Date "2010.02.15"]
[Round "?"]
[White "Pecotic, Kuzma"]
[Black "Figura, Atila Gajo"]
[Result "1/2-1/2"]
[WhiteElo "2119"]
[BlackElo "2075"]
[PlyCount "58"]
[EventDate "2010.02.17"]
[EventType "tourn (corr)"]
[EventRounds "10"]
[EventCountry "GER"]
[SourceTitle "Corr 2013"]
[Source "ChessBase"]
[SourceDate "2012.11.12"]
[SourceVersion "1"]
[SourceVersionDate "2012.11.12"]
[SourceQuality "1"]

1. d4 Nf6 2. c4 g6 3. f3 d5 4. cxd5 Nxd5 5. e4 Nb6 6. Nc3 Bg7 7. Be3 0-0 8. Qd2 e5 9. d5 c6 10. d6 Be6 11. 0-0-0 Nc8 12. Nh3 f6 13. f4 Nd7 14. Be2 b5 15. f5 Bf7 16. Nf2 Qa5 17. a3 b4 18. axb4 Qxb4 19. h4 Rb8 20. fxg6 hxg6 21. h5 gxh5 22. Nb1 Bb3 23. Qxb4 Rxb4 24. Rd2 Rd8 25. Bxh5 Nf8 26. Nc3 Rb7 27. Nd3 Ne6 28. Bg4 Rxd6 29. Na4 Rb8 1/2-1/2

[Event "LSS BI-2009-F-00005"]
[Site "LSS email"]
[Date "2010.02.15"]
[Round "?"]
[White "Pecotic, Kuzma"]
[Black "Kurowski, Andrzej"]
[Result "1/2-1/2"]
[WhiteElo "2130"]
[BlackElo "2119"]
[PlyCount "157"]
[EventDate "2010.02.17"]
[EventType "tourn (corr)"]
[EventRounds "10"]
[EventCountry "GER"]
[SourceTitle "Telechess CBM 141"]
[Source "ChessBase"]
[SourceDate "2011.03.17"]
[SourceVersion "1"]
[SourceVersionDate "2011.03.17"]
[SourceQuality "1"]

1. d4 f5 2. g3 Nf6 3. Bg2 g6 4. Nf3 Bg7 5. 0-0 0-0 6. b3 d6 7. Bb2 Qe8 8. c4 Na6 9. Nc3 c6 10. d5 Bd7 11. Nd4 Nc7 12. Qd2 Rb8 13. Rac1 c5 14. Nf3 b5 15. cxb5 h6 16. Rfe1 Nxb5 17. Nxb5 Bxb5 18. Bxf6 Rxf6 19. e4 fxe4 20. Rxe4 Qf7 21. Qe3 Re8 22. b4 Qxd5 23. bxc5 dxc5 24. Rxc5 Qd3 25. Ne5 Qxe3 26. Rxe3 a6 27. Bd5+ Kh7 28. Bb3 Rd8 29. a4 Be8 30. Ng4 Rc6 31. Rxc6 Bxc6 32. Rxe7 Bf3 33. Ne5 Bd1 34. Nc6 Rc8 35. Nd4 Kh8 36. Bxd1 Bxd4 37. Rd7 Bf6 38. Rd6 Be7 39. Rxg6 Rc1 40. Rxh6+ Kg7 41. Rxa6 Rxd1+ 42. Kg2 Rd2 43. Ra7 Kf6 44. Rc7 Ra2 45. Rc4 Kg5 46. h4+ Kg6 47. Kf3 Bf6 48. Rf4 Be5 49. Rg4+ Kf5 50. Rb4 Ra3+ 51. Kg2 Ra2 52. Rc4 Bd6 53. Kf3 Ra3+ 54. Ke2 Ra2+ 55. Ke3 Ke5 56. h5 Kd5 57. Rd4+ Ke6 58. Re4+ Kd5 59. Kf3 Ra3+ 60. Re3 Rxa4 61. Re8 Ra7 62. Kg4 Rg7+ 63. Kh3 Rh7 64. Kh4 Be7+ 65. Kg4 Rg7+ 66. Kh3 Rh7 67. g4 Rf7 68. f4 Bb4 69. h6 Rxf4 70. h7 Bc3 71. Kh4 Rf1 72. Kg5 Rh1 73. Kg6 Rh4 74. g5 Rh2 75. Re3 Ba1 76. Rf3 Ke4 77. Rf1 Be5 78. Rf8 Bb2 79. Ra8 1/2-1/2

[Event "LSS BI-2009-F-00005"]
[Site "LSS email"]
[Date "2010.02.15"]
[Round "?"]
[White "Pecotic, Kuzma"]
[Black "Nikel, Bogdan"]
[Result "1/2-1/2"]
[WhiteElo "2137"]
[BlackElo "2188"]
[PlyCount "39"]
[EventDate "2010.02.17"]
[EventType "tourn (corr)"]
[EventRounds "10"]
[EventCountry "GER"]
[SourceTitle "Corr 2013"]
[Source "ChessBase"]
[SourceDate "2012.11.12"]
[SourceVersion "1"]
[SourceVersionDate "2012.11.12"]
[SourceQuality "1"]

1. d4 Nf6 2. Nf3 d5 3. c4 dxc4 4. e3 e6 5. Bxc4 c5 6. 0-0 a6 7. a4 cxd4 8. exd4 Nc6 9. Nc3 Be7 10. Bg5 0-0 11. Re1 h6 12. Bf4 Qb6 13. Re2 Rd8 14. Rd2 Nd5 15. Bg3 Na5 16. Ba2 Nb4 17. Ne5 Nxa2 18. Qh5 Nxc3 19. Qxf7+ Kh7 20. Qg6+ 1/2-1/2

[Event "LSS BI-2009-F-00005"]
[Site "LSS email"]
[Date "2010.02.15"]
[Round "?"]
[White "Rodes, Sergio"]
[Black "Pecotic, Kuzma"]
[Result "1/2-1/2"]
[WhiteElo "1994"]
[BlackElo "2112"]
[PlyCount "31"]
[EventDate "2010.02.17"]
[EventType "tourn (corr)"]
[EventRounds "10"]
[EventCountry "GER"]
[SourceTitle "Corr 2013"]
[Source "ChessBase"]
[SourceDate "2012.11.12"]
[SourceVersion "1"]
[SourceVersionDate "2012.11.12"]
[SourceQuality "1"]

1. d4 d5 2. c4 e6 3. Nf3 Nf6 4. Nc3 c6 5. e3 Nbd7 6. Qc2 Bd6 7. Bd3 0-0 8. 0-0 dxc4 9. Bxc4 b5 10. Bd3 Bb7 11. a3 a6 12. b4 a5 13. Rb1 axb4 14. axb4 Qe7 15. Bd2 Rfe8 16. h3 1/2-1/2